Statistics for Best Soccer players (Top 15)

Click here to take the quiz!

General Stats

  • This quiz has been taken 56 times
    (55 since last reset)
  • The average score is 14 of 15

Answer Stats

Answer% Correct
Mbappe
100%
Messi
100%
Neymar
100%
Ronaldo
100%
Haaland
98%
Benzema
96%
Lewandowski
96%
Kane
94%
Mane
92%
Salah
92%
Ramos
90%
De Bruyne
88%
Neuer
88%
Van Dijk
88%
Kimmich
80%

Score Distribution

Percentile by Number Answered

Percent of People with Each Score

Your Score History

You have not taken this quiz since the last reset